000 00835namaa22001691 4500
001 173833
003 ES-MaACL
005 20230906215347.0
008 100125s1861 sp |||| | spa d
100 1 _aFernández, Mariano.
_949405
245 1 3 _aEl califa de la calle Mayor
_b: juguete cómico-lírico en un acto y en verso /
_carreglado del francés por Don Mariano Fernandez ; musica de Don Manuel Tubau.
260 _aMadrid :
_b[s.n.],
_c1861 (
_fImp. de José Rodríguez)
300 _a30 p., 1 h. ;
_c17 cm.
500 _aSolo la letra.
500 _aEn port.: Estrenado en el teatro del Príncipe de Madrid, el 24 de diciembre de 1860.
852 _aES-MaACL
_jF-8618(7)
_z.- Enc. pasta española
_q.- Falto de la cub. original
_z.- Enc. en un vol. facticio formando parte de la col. facticia "Teatro español moderno", vol. 73
999 _c173833
_d173833